• 首页
  • 本馆介绍
  • 公告通知
  • 最新文献
  • 馆藏检索
  • 电子资源
  • 读者导购
  • 参考咨询
  • 我的图书馆
  • 登录
  • 详细信息显示
  • 放入我的书架
  • 预约/预借图书
  • 作者相关作品
  • 分类相关作品
  • 丛书相关作品
  • 出版社相关作品

书目信息

  • 表格格式
  • 工作单格式
  • 卡片格式
书名: Annals of
作者:
分册号:
分册名:
出版地: Beijing :
 
出版社: Foreign Languages Pr
出版时间: 1980.
页数: 289 p.
开本:
丛书名:
中图分类号:
科图分类号:
其他分类号: H319.4
主题词:
电子资源:
000 01004nam 2200277 a 4500
001 E0755634230
005 20070208152815.32
008 eng
008 uu
040    @aNLC
041 1  @aeng @hchi
043    @aa-cc---
049    @aN5LA
090    @a2C/I247.5/GYEn/ 1980//////////913919-21/ 3cop.
090    @aH319.4
096    @aI247.5 @v2
099    @dH319.4@ex398=2
100 1  @aGao, Yunlan, @d1910-1956.
240 10 @aXiao cheng chun qiu. @lEnglish
242 10 @a小城春秋(英语版) / @c高云览 著 @ychi
245 10 @aAnnals of
250    @a2nd ed.
260    @aBeijing :@bForeign Languages Pr.,@c1980.
300    @a289 p.
650  0 @aChinese literature @vTranslations into English. @b00 @c20020930 @lNLC09 @h2246 @lNLC09 @h2302 @lNLC09 @h1853 @b40 @c20030330 @lNLC09 @h0601 @b40 @c20030330 @lNLC09 @h0602 @b40 @c20030330 @lNLC09 @h0604 @b40 @c20030330 @lNLC09 @h0604 @b01 @c20031206 @lNLC09 @h1111 @b01 @c20031206 @lNLC09 @h1111
852 9  @bWWJC @cJ08S @k2C @hI247.5 @iGYEn/1980
    
    Annals of.-2nd ed.-Beijing : : Foreign Languages Pr., , 1980.
    289 p.
    
    
    ISBN
    
●
相关链接 在E读中查询图书 在五车中查询图书 在当当中查询图书 在豆瓣中查询图书


正题名:Annals of     索取号:H319.4/x398=2         预约/预借

序号 登录号 条形码 馆藏地/架位号 状态 备注
1 37866   001421321   第四借阅区/ [索取号:H319.4/x398=2] 在馆    
唐山师范学院图书馆 欢迎您!
大连网信软件有限公司© 版权所有